Formula 1 quizz - Statistiques

Statistiques générales
  • Ce quiz a été pris 3 fois
  • Le résultat moyen est 2 sur 9
Statistiques - réponses
Hint Réponse % Correct
Quel équipe possède le plus de championnat du monde constructeur Ferrari
100%
Qui sont les 2 pilotes de l'histoire à posséder sept titres de champions du monde Lewis Hamilton / Michael Shumacher
100%
Quel pilote a battue Lewis Hamilton en 2016pour gagner le championnat Nico Rosberg
33%
En quelle année, Lewis Hamilton a t-il remportéson 1er titre de champion du monde 2008 ( pour 1 point )
0%
Quel est le seul pilote de l'histoire à avoir décrocher un titre de champion du monde pilote avec MClaren ,Ferrari et Williams Alain Prost
0%
Quel équipe racheter pour 1$ à gagner le saison 2009 alors qu'elle souffrait de gros problème financier Brawn GP ( Championnat pilote et constructeur )
0%
Quel circuit actuellement au calendrier tournedans le sens anti-horloger COTA
0%
Quel est le pilote avec le plus de victoires consécutives sur une saison Max Verstappen ( en 2023 avec 10 )
0%
Quel pilote a marqué le plus de point sans jamais n'avoir fini sur le podium Nico Hulkenberg ( qui à eut son premier podium en 2025)
0%
Aucun quiz correspondant
Distribution des résultats
% des personnes avec chaque résultat
Percentile par nombre de réponses
Votre historique - résultats
Vous n’avez pas pris ce quiz